Challenges and Solutions of the Public Water Management at the Osun State Water Corporation in Nigeria

Salvato in:
Dettagli Bibliografici
Autore principale: Ojediran, Adetunji Ayorinde (Autore)
Altri autori: Bodík, Igor (Relatore della tesi)
Natura: Manoscritto Libro
Lingua:slovacco
inglese
Pubblicazione: 2024
Soggetti:
Accesso online:http://is.stuba.sk/zp/portal_zp.pl?podrobnosti=176610
Tags: Aggiungi Tag
Nessun Tag, puoi essere il primo ad aggiungerne!!

MARC

LEADER 00000ntm a22000003a 4500
001 stuzp97908
003 SK-STU
005 20240601210250.8
007 ta
008 150427s2015----xo-----f-mn---000-0-slo-d
040 |a STU  |b slo 
041 0 |a eng 
100 1 |a Ojediran, Adetunji Ayorinde  |u 046290  |4 aut  |U FCHPT Ústav chemického a environmentálneho inžinierstva  |T FCHPT Oddelenie environmentálneho inžinierstva  |X 117627  |U C6290  |Y 120  |7 117627 
242 0 1 |a Výzvy a riešenia verejného vodného hospodárstva v Osun State Water Corporation v Nigérii  |y slo 
245 1 0 |a Challenges and Solutions of the Public Water Management at the Osun State Water Corporation in Nigeria 
260 |c 2024 
650 4 |a Vodné hospodárstvo  |2 slo 
650 4 |a Rozvojové krajiny  |2 slo 
650 4 |a Lagúnovanie  |2 slo 
650 4 |a Rozsiahla metóda čistenia odpadových vôd  |2 slo 
650 4 |a Water Management  |2 eng 
650 4 |a Developing Countries  |2 eng 
650 4 |a Lagooning  |2 eng 
650 4 |a Extensive Wastewater Treatment Method  |2 eng 
700 1 |a Bodík, Igor  |u 046290  |k Z1  |4 ths  |U FCHPT Ústav chemického a environmentálneho inžinierstva  |T FCHPT Oddelenie environmentálneho inžinierstva  |X 3340  |U C6290  |Y 120  |7 A000003340 
856 4 |u http://is.stuba.sk/zp/portal_zp.pl?podrobnosti=176610